LEADER 01610oam 2200445M 450 001 9910716587403321 005 20200213070637.8 035 $a(CKB)5470000002522278 035 $a(OCoLC)1066045821 035 $a(OCoLC)995470000002522278 035 $a(EXLCZ)995470000002522278 100 $a20071213d1927 ua 0 101 0 $aeng 135 $aurcn||||||||| 181 $ctxt$2rdacontent 182 $cc$2rdamedia 183 $acr$2rdacarrier 200 10$aPacific Steamship Co. January 19, 1927. -- Committed to the Committee of the Whole House and ordered to be printed 210 1$a[Washington, D.C.] :$c[U.S. Government Printing Office],$d1927. 215 $a1 online resource (7 pages) 225 1 $aHouse report / 69th Congress, 2nd session. House ;$vno. 1804 225 1 $a[United States congressional serial set] ;$v[serial no. 8690] 300 $aBatch processed record: Metadata reviewed, not verified. Some fields updated by batch processes. 300 $aFDLP item number not assigned. 606 $aClaims 606 $aLegislative amendments 606 $aCollisions at sea 608 $aLegislative materials.$2lcgft 615 0$aClaims. 615 0$aLegislative amendments. 615 0$aCollisions at sea. 701 $aThomas$b Elmer$f1876-1965$pDemocrat (OK)$01387989 801 0$bWYU 801 1$bWYU 801 2$bOCLCO 801 2$bOCLCQ 906 $aBOOK 912 $a9910716587403321 996 $aPacific Steamship Co. January 19, 1927. -- Committed to the Committee of the Whole House and ordered to be printed$93472918 997 $aUNINA LEADER 00933nam0 22002771i 450 001 UON00287727 005 20231205103908.285 010 $a83-04-00842-4 100 $a20070206d1981 |0itac50 ba 101 $apol 102 $aPL 105 $a|||| 1|||| 200 1 $aBeniowski$fJuliusz Slowacki 205 $aWroclaw : Ossolineum$b1981 210 $a176$dXIX p. ; 13 cm 215 $aReprodukcja pierwodruku. 620 $aPL$dWroc?aw$3UONL003154 676 $a891.85$cLetteratura polacca$v21 700 1$aSlowacki$bJuliusz$3UONV114251$0444683 712 $aOssolineum$3UONV261461$4650 801 $aIT$bSOL$c20250725$gRICA 899 $aSIBA - SISTEMA BIBLIOTECARIO DI ATENEO$2UONSI 912 $aUON00287727 950 $aSIBA - SISTEMA BIBLIOTECARIO DI ATENEO$dSI A SLOW 0002 $eSI EO 39192 5 0002 996 $aBeniowski$91249948 997 $aUNIOR